• 首页
  • 本馆介绍
  • 公告通知
  • 最新文献
  • 馆藏检索
  • 电子资源
  • 读者导购
  • 参考咨询
  • 我的图书馆
  • 登录
  • 详细信息显示
  • 放入我的书架
  • 预约/预借图书
  • 作者相关作品
  • 分类相关作品
  • 丛书相关作品
  • 出版社相关作品

书目信息

  • 表格格式
  • 工作单格式
  • 卡片格式
题名:
云五社会科学大辞典
    
 
作者: 王云五 主编 ;龙冠海 主编
分册: 第一册   社会学
出版信息: 台北   台湾商务印书馆  1986.01
页数: 253,12页
开本: 26cm
丛书名:
单 册:
中图分类: C61
科图分类:
主题词: 社会科学--名词术语 , 社会科学--词典 , 社会科学--百科全书
电子资源:
ISBN:
000 00749nam0 2200253 45
001 0501050841
005 20050426093301.4
010    @dCNY8.00@b精装
100    @a20050105d1986 km y0chiy0120 ea
101 0  @achi
105    @a z 000yy
200 1  @a云五社会科学大辞典@AYun Wu She Hui Ke Xue Da Ci Dian@h第一册@i社会学@f王云五主编@FWang Yun Wu Zhu Bian@g龙冠海主编
205    @a4版
210    @a台北@c台湾商务印书馆@d1986.01
215    @a253,12页@d26cm
517    @a社会学@AShe Hui Xue
606 0  @a社会科学@x名词术语
606 0  @a社会科学@x词典
606 0  @a社会科学@x百科全书
690    @aC61@v3
701  0 @a王云五@4主编
702  0 @a龙冠海@ALong Guan Hai@4主编
801    @aCN@bPftUser@c20050105
905    @dC61@e17:1=4@b261513@f1
    
    云五社会科学大辞典.第一册.社会学/王云五主编/龙冠海主编.-4版.-台北:台湾商务印书馆,1986.01
    253,12页;26cm
    
    
    ISBN (精装):CNY8.00
    
●
相关链接 在E读中查询图书 在五车中查询图书 在当当中查询图书 在豆瓣中查询图书


正题名:云五社会科学大辞典     索取号:C61/17:1=4         预约/预借

序号 登录号 条形码 馆藏地/架位号 状态 备注
1 0261513   001572774   工具书阅览室/ [索取号:C61/17:1=4] 在馆    
唐山师范学院图书馆 欢迎您!
大连网信软件有限公司© 版权所有